| 000 | 00000nam##2200000za#4500 |
| 001 | 9.611073 |
| 003 | CaOODSP |
| 005 | 20230131161134 |
| 007 | ta |
| 008 | 150406|1994||||xxc||||| f|0| 0 eng|d |
| 020 | |a0-660-15500-1 |
| 022 | |a0068-7626 |
| 040 | |aCaOODSP|beng |
| 043 | |an-cn--- |
| 086 | 1 |aM42-462E |
| 110 | 2 |aGeological Survey of Canada. |
| 245 | 14|aThe Ilgachuz Range and adjacent parts of the interior plateau, British Columbia / |cby J. G. Souther and M. E. K. Souther. |
| 260 | |aOttawa - Ontario : |bNatural Resources Canada. |c1994. |
| 300 | |a75p. : |bfigs., graphs, maps, references ; |c28 cm. + |e1 folded map. in case, 30cm. |
| 490 | 1 |aBulletin|x0068-7626|v462 |
| 546 | |aRésumés en français |
| 563 | |aSoftcover |
| 590 | |a94-40|b1994-10-07 |
| 690 | 07|aGeology|2gcpds |
| 720 | 1 |aSouther, J. G. |
| 720 | 1 |aSouther, M. E. K. |
| 830 | #0|aBulletin,|x0068-7626|v462|w(CaOODSP)9.514768 |